000 00318nam a2200133Ia 4500
008 240624s9999 xx 000 0 und d
041 _aeng
082 _a823 CHO
100 _aCHOPRA AAKASH
245 _aOUT OF THE BLUE
260 _c2011
_aNew Delhi
_bHarper sport
300 _ax, : 262p. ; 19cm.
365 _cRS
_b25
999 _c19963
_d19963